000 03399cam a22006494i 4500
003 PE-LiUPU
005 20250731173427.0
008 150706s2012 bo rb 000 0 spa d
035 _a(Sirsi) a52059
040 _aPE-LiUPU
_bspa
_cPE-LiUPU
_erda
049 _aPRUA
082 0 4 _a226.5
_bC77
_221
082 0 4 _a286.73205
_bSEAT
_220
100 1 _aCorrea, S. Teófilo,
_eautor.
245 1 3 _aEl motivo de la creación en el prólogo del evangelio según Juan /
_cS. Teófilo Correa.
264 1 _aVinto, CBBA :
_bEditorial Universidad Adventista de Bolivia,
_c2012.
300 _aVolumen 1 ;
_c22 centímetros.
336 _atext
_2rdacontent
337 _aunmediated
_2rdamedia
338 _avolume
_2rdacarrier
490 0 _aSerie de estudios avanzados en Teología ;
_v1
504 _aBibliografía: página 141-171.
505 0 _aLa creación según la literatura extra bíblica antigua -- La creación en la literatura veterotestamentaria y no testamentaria no Juanina -- Juan el apóstol: trasfondo, escritos y El motivo de la creacionista -- Análisis literario -- Teología de la creación en Juan 1:1-5.
526 _aSEG42
526 _aSEG41
526 _aSEG40
526 _aSEG39
526 _aP94
526 _aP87
526 _aP86
526 _aP85
526 _aP77
526 _aP76
526 _aP35
630 _aBiblia.
_pN.T.
_pJuan
_xCrítica, Interpretación, etc.
630 _aBiblia
_xExégesis.
700 1 _aCorrea. Teófilo,
_eeditor.
910 _agl
_cng
_d20130225
910 _tqv
_d20180213
910 _adbm
_bjpc
_cjpc
_d20190711
942 _2ddc
_cBOOK
949 _a226.5 C77
_wDEWEY
_c1
_i66474
_lCCODEBUL1
_mBUL
_p15.00
_r0
_sY
_tLIBRO
_u2015-07-06
_xBIBLIOTECA
_zUNKNOWN
_o.STAFF. Colección General
949 _a226.5 C77
_wLC
_c1
_iC66474
_lCIW
_mBUL
_p15.00
_r1
_sY
_tBOOK
_u2016-07-18
_xWHITE
_zUNKNOWN
_0COMPRA
_o.STAFF. Centro White
949 _a226.5 C77 T1 2012
_wDEWEY
_c1
_iFJ10233
_lCCODEBUJ1
_mBUJ
_p10.00
_r0
_sY
_tBOOK
_u2018-02-13
_xEDUCACIÓN
_PP14
_0COMPRA
_o.STAFF. Colección General Juliaca
949 _a226.5 C77 T1 2012
_wDEWEY
_c2
_iFJ10234
_lCCODEBUJ1
_mBUJ
_p10.00
_r0
_sY
_tBOOK
_u2018-02-13
_xEDUCACIÓN
_PP14
_0COMPRA
_o.STAFF. Colección General Juliaca
994 _aC0
_bPEPRU
596 _a1 3 4
999 _a286.73205 SEAT 1
_wDEWEY
_c54649
_i66474
_d54649
_e2016-6-5
_f2021-11-11
_g6
_lCCODEBUL1
_mBUL
_n1
_p15.00
_q1
_r0
_sY
_tBOOK
_u2015-7-6
_xTEOLOGIA
_PP35
_0COMPRA
_o.STAFF. Colección Teología
999 _a286.73205 SEAT 1
_wDEWEY
_c2
_i80239
_f2021-11-11
_g3
_lCCODEBUL1
_mBUL
_p16.00
_r0
_sY
_tBOOK
_u2019-7-11
_xTEOLOGIA
_PP35
_0DONACION
_o.STAFF. Colección Teología
999 _a286.73205 SEAT V1
_wDEWEY
_c1
_iCW67168
_f2021-12-22
_g2
_lCCODECWL1
_mBWL
_p10.00
_r0
_sY
_tBOOK
_u2016-7-18
_xWHITE
_zUNKNOWN
_0COMPRA
_o.STAFF. Centro White
999 _a226.5 C77 T1 2012
_wDEWEY
_c1
_iFJ10233
_f2022-2-3
_g3
_lCCODEBUJ1
_mBUJ
_p15.00
_r0
_sY
_tBOOK
_u2018-2-13
_xEDUCACION
_PP14
_0COMPRA
_o.STAFF. Colección General Juliaca
999 _a226.5 C77 T1 2012
_wDEWEY
_c2
_iFJ10234
_f2022-2-3
_g3
_lCCODEBUJ1
_mBUJ
_p10.00
_r0
_sY
_tBOOK
_u2018-2-13
_xEDUCACION
_PP14
_0COMPRA
_o.STAFF. Colección General Juliaca
980 _81
_gALBERTO SANCHEZ Responsable de Automatización